Personnages des comics X-Men par images (aléatoire) - Statistiques

Statistiques générales
  • Ce quiz a été pris 27 fois
  • Le résultat moyen est 8 sur 50
Statistiques - réponses
Par images Réponse % Correct
Abigail Brand / Abigail Thanriaguiaxus
100%
Azazel
100%
Callisto
100%
Captain Avalon / Brian Braddock
100%
Dazzler / Alison Blaire
100%
Emplate / Marius St. Croix
100%
Firestar / Angelica Jones
100%
Gambit / Remy LeBeau
100%
Layla Miller
100%
Le Fauve / Hank McCoy
100%
Le Roi Blanc / Manuel Enduque
100%
Le Roi Pêcheur
100%
Magneto / Joseph
100%
Mère Droiture / Rebecca Essex
100%
Mystique / Raven Darkhölme
100%
Nanny / Eleanor Murch
100%
Opal Luna Saturnyne
100%
Pestilence / Ichisumi
100%
Phoenix / Jean Grey-Summers
100%
Pixie / Megan Gwynn
100%
Rictor / Julio Richter
100%
Samuraï d'Argent / Kenuichio Harada
100%
Sentinelles
100%
Shatterstar / Gaveedra-Seven
100%
Skin / Angelo Espinosa
100%
Sorcière Rouge / Wanda Maximoff
100%
Warpath / James Proudstar
100%
X-man / Nate Summers
100%
Wolverine / Laura Kinney
83%
Wolverine / James "Logan" Howlett
75%
Deadpool / Wade Wilson
67%
Henry Gyrich
67%
La Reine Blanche / Emma Frost
67%
Negasonic Teenage Warhead / Eloise Phimister
67%
Old Man Logan / James "Logan" Howlett
67%
Vanisher / Telford Porter
67%
Diablo / Kurt Wagner
60%
Anole / Victor Borkowski
50%
Armor / Hisako Ichiki
50%
Broo
50%
Chamber / Jono Starsmore
50%
Cypher / Doug Ramsey
50%
Darwin / Armando Muñoz
50%
Dents-de-sabre / Victor Creed
50%
Domino / Neena Thurman
50%
Doop
50%
Ernst
50%
Forge
50%
Genesis / Evan Sabahnur
50%
Gladiator / Kallark
50%
Guérisseur
50%
Guerre / Decimus Furius
50%
Havok / Alex Summers
50%
Kid Cable / Nathan Summers
50%
Kobak Neverheld
50%
Le Bourreau / Carl Denti
50%
Le Colosse / Fred Dukes
50%
Le Fauve Noir / Henry McCoy
50%
Le Fou Noir / Shinobi Shaw
50%
Legion / David Haller
50%
L'Epée Blanche
50%
Le Roi Noir / Kade Kilgore
50%
Magneto / Max Eisenhardt
50%
Malicia / Anna Marie LeBeau
50%
Maverick / Christoph Nord
50%
Onslaught
50%
Psylocke / Kwannon
50%
Rocket / Sam Guthrie
50%
Shard Bishop
50%
Solar / Roberto Da Costa
50%
Stryfe / Nathan Summers
50%
Talon / Laura Kinney
50%
Vif-Argent / Pietro Maximoff
50%
Warlock
50%
Wendigo
50%
Zorn / Shen Xorn
50%
Danger
40%
Krakoa
40%
La Reine Démon / Madelyne Pryor
40%
Pyro / St-John Allerdyce
40%
A / En Sabah Nur
33%
Avalanche / Dominikos Petrakis
33%
Bishop / Lucas Bishop
33%
Cable / Nathan Summers
33%
Cyclope / Scott Summers
33%
Cyrène / Theresa Cassidy
33%
Genocide / William Rolfson
33%
Glob / Robert Herman
33%
Harfang / Narya
33%
Larry Trask
33%
Lockheed
33%
Maggott / Japheth
33%
Malabar / Guido Carosella
33%
Nemrod
33%
Pestilence
33%
Pestilence / Peste
33%
Rasputin IV
33%
Shaman / Michael Twoyoungmen
33%
Spiral / Rita Wayword
33%
Tarn l'Ignoble
33%
Tempo / Heather Tucker
33%
Birdy
25%
Blink / Clarice Ferguson
25%
Deathbird / Cal'syee Neramani
25%
Karma /Xuân Cao Manh
25%
Lady Deathstrike / Yuriko Oyama
25%
Le Crapaud / Mortimer Toynbee
25%
Le Roi Noir / Sebastian Shaw
25%
Madison Jeffries
25%
Mentallo / Marvin Flumm
25%
Mesmero / Vincent
25%
Mirage / Danielle Moonstar
25%
Mister Sensitive / Guy Smith
25%
Reine Lépreuse
25%
Romulus
25%
Belasco
20%
Docteur Nemesis / James Bradley
20%
Forearm / Michael McCain
20%
La Reine Noire / Lourdes Chantel
20%
Scout / Gabrielle Kinney
20%
Fauna / Desmond Ochoa-Diaz
17%
Absalom / Corey Flynn
0%
Adam X / Adam Neramani
0%
Aero / Melody Guthrie
0%
Aguja
0%
Alia Gregor
0%
Amelia Voght
0%
Anarchist / Tike Alicar
0%
Angel / Warren Worthington III
0%
Annihilation / Genesis
0%
Arakko
0%
Arcade
0%
Arclight / Philippa Sontag
0%
Arkea
0%
Armageddon Girl / Lin Li
0%
Artie Maddicks
0%
Askani / Rachel Summers
0%
Astra
0%
Aurora / Jeanne-Marie Beaubier
0%
Axo / Alejandro Luna
0%
Bad Seed / Graydon Creed
0%
Basilisk / Mike Columbus
0%
Bastion / Sebastion Gilberti
0%
Beak / Barnell Bohusk
0%
Beef / Buford Wilson
0%
Bei Lune Rouge
0%
Belladonna / Bella Donna Boudreaux
0%
Bevatron / Fabian Marechal-Julbin
0%
Big Bang / Tabitha Smith
0%
Black Tom Cassidy / Thomas Cassidy
0%
Blindfold / Ruth Aldine
0%
Bling! / Roxanne Washington
0%
Bliss
0%
Blockbuster / Michael Baer
0%
Bolivar Trask
0%
Box / Roger Bochs
0%
Bronze / Trista Marshall
0%
Brood
0%
Burke
0%
Cadena
0%
Caliban
0%
Calico / Becca Simon-Pinette
0%
Cameron Hodge
0%
Candra
0%
Captain Britain / Betsy Braddock
0%
Cassandra Nova Xavier
0%
Catseye / Sharon Smith
0%
Cecilia Reyes
0%
Cerebella / Martha Johansson
0%
Cerise
0%
Cherub / Gabriel Brathwaite
0%
Ch'od
0%
Christopher Summers / Corsaire
0%
Cipher / Alisa Tager
0%
Cluster / Charlie Cluster 7
0%
Colossus / Piotr Rasputin
0%
Copycat / Vanessa Carlysle
0%
Cordyceps Jones
0%
Corina Ellis
0%
Cosmar / Natashia Repina
0%
Crule
0%
Cyber / Silas Burr
0%
Daken / Akihiro
0%
D-Cel / Miranda Manuel
0%
Dead Girl / Moonbeam
0%
Deathdream / Hotoru
0%
Destinée / Irene Adler
0%
Diablotin / Jason Thomas
0%
DJ / Mark Sheppard
0%
Docteur Stasis / Nathaniel Essex
0%
Doux / Nezhno Abidemi
0%
Dummy / Dean Boswell
0%
Dust / Sooraya Qadir
0%
Egg / Fabio Medina
0%
Elixir / Joshua Foley
0%
Empath / Manuel De La Rocha
0%
Enigma / Nathaniel Essex
0%
Erg
0%
Escapade / Shela Sexton
0%
Exodus / Bennet du Paris
0%
Eye Boy / Trevor Hawkins
0%
Fabian Cortez
0%
Famine
0%
Famine / Autumn Rolfson
0%
Famine / Jeb Lee
0%
Fang
0%
Fantomex / Charlie Cluster 7
0%
Fatale
0%
Feilong / Kelvin Heng
0%
Feint / Carmen Cruz
0%
Félina / Rahne Sinclair
0%
Fenris / Andreas et Andrea von Strucker
0%
Feral / Maria Callasantos
0%
Firefist / Rusty Collins
0%
Fou Blanc / Donald Pierce
0%
Frenzy / Joanna Cargill
0%
Fuego
0%
Furie
0%
Gaia
0%
Galura / Gabrielle Diwa
0%
Gateway
0%
Gideon
0%
Gloriana / Meggan Puceanu
0%
Gorgeous George / George Blair
0%
Gorgone / Tomi Shishido
0%
Granny Smite
0%
Graymalkin / Jonas Graymalkin
0%
Guardian / James Hudson
0%
Guerre
0%
Guerre / Abraham Kieros
0%
Hag / Sarah Gaunt
0%
Hairbag / Michael Suggs
0%
Harpoon / Kodiak Noatak
0%
Hellion / Julian Keller
0%
Hepzibah
0%
Hijack / David Bond
0%
Homme au Tatouage de paon / David Moreau
0%
Homme Multiple / Jamie Madrox
0%
Hope Summers
0%
Husk / Paige Guthrie
0%
Icare / Jay Guthrie
0%
Iceberg / Bobby Drake
0%
Idyll qui voit le Futur
0%
Indra / Paras Gavaskar
0%
Ink / Eric Gitter
0%
Invocateur
0%
Isca l'Inbattable
0%
Jesse Bedlam / Jesse Aaronson
0%
Jetstream / Haroum ibn Sallah al-Rashid
0%
Jitter / Sofia Yong
0%
John Sublime
0%
Jon Ironfire
0%
Jubilée / Jubilation Lee
0%
Jumbo Carnation
0%
Jumeaux Tengu / Karasu et Sobojo Tengu
0%
Kafka
0%
Khora Cœur Brûlant
0%
Kiden Nixon
0%
Kid Gladiator / Kubark
0%
Kid Omega / Quentin Quire
0%
Killian Devo
0%
King Bedlam / Christopher Aaronson
0%
Kylun / Colin McKay
0%
Lactuca le Sachant
0%
Lady Mastermind / Regan Wyngarde
0%
La fille Pâle / Meredith Milly
0%
La Prêtresse Noire / Selene Gallio
0%
La Reine Blanche / Wilhelmina Kensington
0%
Le Cerveau / Jason Wyngarde
0%
Le Chroniqueur
0%
Le Fléau / Cain Marko
0%
Le Fondeur / Christopher Colchiss
0%
Le Fou Blanc / Christian Frost
0%
Le Fou Noir / Harry Leland
0%
Le Fou Noir / Maximilian Frankenstein
0%
Le Hurleur / Sean Cassidy
0%
Le Monolithe Vivant / Ahmet Abdol
0%
Le Roi d'ombre / Amahl Farouk
0%
Le Samouraï d'Argent / Shingen Harada
0%
L'homme Pétrifié / Garokk
0%
Lifeguard / Heather Cameron
0%
Life / Sanjar Javeed
0%
Lila Cheney
0%
Lilandra Neramani
0%
Loa / Alani Ryan
0%
Lodus Logos
0%
Longshot
0%
Longstrike / Christine Cord
0%
Lorelei / Lani Ubana
0%
Lycaon le mesuré
0%
Mad Jim Jaspers / James Jaspers
0%
Magie / Illyana Rasputina
0%
Magma / Amara Aquilla
0%
Malice / Alice MacAllister
0%
Mammomax / Maximus Jensen
0%
Manifold / Eden Fesi
0%
Manon et Maxime
0%
Manta
0%
Margali Szardos
0%
Marina / Marrina Smallwood
0%
Marrow / Sarah Rushman
0%
Marvel Guy / Benjamin Thomas
0%
Mary Typhoïde / Mary Walker
0%
Masque
0%
Mastermind / Martinique Wyngarde
0%
Match / Ben Hammil
0%
Mélée / Thao Tran
0%
Mercury / Cessily Kincaid
0%
Merlin
0%
Micromax / Scott Wright
0%
Mikhail Rasputin
0%
Mimic / Calvin Rankin
0%
Miss Cyclope / Beatrice Bartholomew
0%
Miss Sinistre / Claudine Renko
0%
Mister M / Absolon Mercator
0%
M / Monet St. Croix
0%
Moira X / Moira MacTaggert
0%
Mojo
0%
Monarch / Jamie Braddock
0%
Mondo
0%
Monsieur Sinistre / Nathaniel Essex
0%
Morgane le Fay
0%
Morph / Benjamin Deeds
0%
Morph / Kevin Sidney
0%
Mort
0%
Moubliepas / Xabi
0%
Moule Initial
0%
Moule Matrice
0%
Ms. Marvel / Kamala Khan
0%
M-Twins / Claudette et Nicole St. Croix
0%
Nathaniel Essex
0%
Nekra Sinclair
0%
Némésis / Heather Hudson
0%
Nicodème
0%
Nocturne / Talia Wagner
0%
Ogun
0%
Omega Red / Arkady Rossovich
0%
Oracle / Sybil
0%
Ora Serrata le Témoin
0%
Orbis Stellaris / Nathaniel Essex
0%
Orphan Maker / Peter
0%
Peeper / Peter Quinn
0%
Perdue / Marinette
0%
Perro
0%
Persuasion / Kara Killgrave
0%
Pete Wisdom
0%
Petra
0%
Phaser / Christian Cord
0%
Pogg-Ur-Pogg
0%
Polaris / Lorna Dane
0%
Powerhouse / Franklin Richards
0%
Primal / Teon Macik
0%
Prism / Robbie
0%
Prodigy / David Alleyne
0%
Professeur X / Charles Xavier
0%
Proteus / Kevin MacTaggert
0%
Puck / Eugene Judd
0%
Pyro / Simon Lasker
0%
Rain Boy / Carl Aalston
0%
Random / Marshall Stone III
0%
Ransom / Valentin Correa
0%
Raza Long-Couteau
0%
Reaper / Pantu Hurageb
0%
Riptide / Janos Questad
0%
Risque / Gloria Muñoz
0%
Rockslide / Santo Vaccarro
0%
Roulette / Jennifer Stavros
0%
Ruckus / Clement Wilson
0%
Sage / Tessa Karisik
0%
Samuraï Ecarlate / Mariko Yashida
0%
Sangre
0%
Sangsue
0%
Sanguinaria la Forêt
0%
Sasquatch / Walter Langkowski
0%
Saul / Garbha-Hsien
0%
Sauron / Karl Lykos
0%
Scalphunter / John Greycrow
0%
Scrambler / Kim Il Sung
0%
Scurvy / Phillip
0%
Sentinelle Omega / Karima Shapandar
0%
Serafina
0%
Sevyr Blackmore
0%
Shadowcat / Kate Pryde
0%
Shark Girl / Iara Dos Santos
0%
Skids / Sally Blevins
0%
Skybolt / Vincent Stewart
0%
Slab / Kris Anderson
0%
Slipstream / Davey Cameron
0%
Smasher / Izzy Kane
0%
Sobunar des Profondeurs
0%
Soeurs Cuckoo / 5-en-1
0%
Solem
0%
Somnus / Carl Valentino
0%
Specter / Dallas Gibson
0%
Speed / Tommy Shepard
0%
Stacy X / Miranda Leevald
0%
Sugar Man
0%
Sunder / Mark Hallett
0%
Sunfire / Shiro Yoshida
0%
Surge / Noriko Ashida
0%
Sway / Suzanne Chan
0%
S'ym
0%
Synch / Everett Thomas
0%
Syzya de la Fumée
0%
Tag / Brian Cruz
0%
Talisman / Elizabeth Twoyoungmen
0%
Tarot / Marie-Ange Colbert
0%
Temper / Idie Okonkwo
0%
Tempest / Angel Salvadore
0%
Tempus / Eva Bell
0%
Thunderbird / John Proudstar
0%
Thunderbird / Neal Shaara
0%
Titan
0%
Tommy
0%
Tornade / Ororo Munroe
0%
Trance / Hope Abbott
0%
Transonic / Laurie Tromette
0%
Trevor Fitzroy
0%
Triage / Chris Muse
0%
Trinary / Shilpa Khatri
0%
Tri-Sentinelle
0%
Troisième Oeuil
0%
U-Go Girl / Edith Sawyer
0%
Unus l'intouchable / Angelo Unuscione
0%
Véga / Jean-Paul Beaubier
0%
Velocidad / Gabriel Cohuelo
0%
Venus Dee Milo / Dee Milo
0%
Vertigo
0%
Vipère / Ophelia Sarkissian
0%
Volta / Volta Fatalis
0%
Vulcain / Gabriel Summers
0%
Wallflower / Laurie Collins
0%
Weapon XIII / Charlie Cluster 7
0%
Wild Child / Kyle Gibney
0%
Wildside / Richard Gill
0%
William Stryker
0%
Wind Dancer / Sofia Mantega
0%
Witchfire / Ananym
0%
Wither / Kevin Ford
0%
Wiz Kid / Taki Matsuya
0%
Wolf Cub / Nicholas Gleason
0%
Xandra Neramani
0%
Xilo Premier Défenseur
0%
Xorn / Kuan-Yin Xorn
0%
Zeitgeist / Axel Cluney
0%
Zéro / Kenji Uedo
0%
Zsen Sans-Arme
0%
Aucun quiz correspondant
Distribution des résultats
% des personnes avec chaque résultat
Percentile par nombre de réponses
Votre historique - résultats
Vous n’avez pas pris ce quiz